000 00836nam a2200193 i 4500
001 187940
003 ES-MaACL
005 20250727190230.0
008 180327s1927 sp |||| | spa d
100 0 _aRecasens Girol, Santiago.
_995746
245 1 0 _aNaturaleza de los rayos X y sus aplicaciones médicas /
_cSebastián Recasens y Girol.
260 _aMadrid :
_b[s.n.],
_c1927 (
_fBlass)
300 _a15 p. ;
_c23 cm.
490 1 _aConferencias dadas en el Centro de intercambio intelectual germano-español. Segunda serie ;
_v2
650 4 _aRayos X.
_9136804
830 0 0 _aConferencias dadas en el Centro de Intercambio Intelectual Germano-Español.
_pSegunda serie
_v2
_9192934
852 _aES-MaACL
_jC-8111(33)
_z.- Donat. del Centro de Intercambio Intelectual Germano-Español (Madrid)
999 _c187940
_d187940